|
|
|
|
| LEADER |
01126nam a22002771i 4500 |
| 001 |
c000122888 |
| 003 |
CARM |
| 005 |
00000000000000.0 |
| 008 |
900322r19691959wea 0 eng d |
| 019 |
1 |
|
|a 8079899
|5 LACONCORD2021
|
| 035 |
|
|
|a (OCoLC)221244899
|5 LACONCORD2021
|
| 042 |
|
|
|a anuc
|
| 043 |
|
|
|a e-uk---
|
| 050 |
0 |
0 |
|a Z791
|b .G77 1970
|
| 110 |
1 |
0 |
|a Great Britain.
|b Board of Education.
|b Public Libraries Committee.
|
| 245 |
1 |
0 |
|a Report on public libraries in England and Wales.
|
| 260 |
|
|
|a High Wycombe, Eng. :
|b University Microfilms for College of Librarianship, Wales,
|c 1970.
|
| 300 |
|
|
|a 356p.
|
| 490 |
0 |
|
|a CLW reprint series ;
|v no.8
|
| 500 |
|
|
|a Chairman: Sir Frederic G. Kenyon.
|
| 500 |
|
|
|a First published in 1927 by H. M. Stationery Office, London.
|
| 650 |
|
0 |
|a Libraries
|z Great Britain.
|
| 700 |
1 |
|
|a Kenyon, Frederic G.
|q (Frederic George),
|c Sir,
|d 1863-1952.
|
| 852 |
8 |
|
|b CARM
|h A2:AE03E0
|i C00385
|p 0020524
|f BK
|
| 999 |
f |
f |
|i 1b010073-1f6c-5d56-b4bf-0e491ed7f06e
|s 20e5aff1-4048-50ff-895d-cd4264857b6e
|
| 952 |
f |
f |
|p Can circulate
|a CAVAL
|b CAVAL
|c CAVAL
|d CARM 1 Store
|e C00385
|f A2:AE03E0
|h Other scheme
|i book
|m 0020524
|